000 00331nam a2200121Ia 4500
008 220204s9999 xx 000 0 und d
082 _a02:002
_bSHA
100 _aArya, S B
245 0 _aDocumentation information science and automation in libraries
260 _aAgra
_bY K Publishers
_c1988
700 _aSharma, C K
942 _cBK
999 _c39640
_d39640